[Event "BL 2018-19"]
[Site "Berlin"]
[Date "2019.04.06"]
[Round "14.1"]
[White "Volokitin, Andrei"]
[Black "Prusikin, Michael"]
[Result "1-0"]
[WhiteElo "2630"]
[BlackElo "2510"]
[Annotator "TA"]
[PlyCount "103"]
[EventDate "2018.11.10"]
[EventType "team-tourn"]
[EventCountry "GER"]
[SourceTitle "playchess.com"]
[Source "ChessBase"]
[SourceQuality "1"]
[WhiteTeam "SV Hofheim"]
[BlackTeam "Augsburg"]

{[%evp 25,103,22,21,0,0,0,0,0,0,0,0,0,5,1,4,0,15,6,4,8,14,10,28,25,35,31,37,27,72,33,39,43,39,8,8,8,8,8,40,45,44,48,166,156,138,150,206,202,142,196,159,192,195,203,198,183,149,117,117,117,117,129,572,572,568,536,568,525,29954,29955,29953,29948,29951,29948,12797,6132,5736,5732,4610,4134]} 1. e4 e6 2. d4 d5 3. Nc3 Nf6 4. e5 Nfd7 5. f4 c5 6. Nf3 Nc6 7. Be3 cxd4 8. Nxd4 Bc5 9. Qd2 Nxd4 10. Bxd4 Bxd4 11. Qxd4 Qb6 12. Qxb6 Nxb6 13. Nb5 Ke7 14. h4 {C11: French: Classical System: 4 e5 and 4 Bg5 dxe4} (14. Nd4 f6 15. exf6+ gxf6 16. O-O-O Bd7 17. Bd3 e5 18. Nf5+ Bxf5 19. Bxf5 Kd6 20. Rhf1 Rag8 21. g3 h5 {½-½ (39) Antipov,M (2598)-Meier,G (2638) Linares 2018}) 14... f6 $146 ({Predecessor:} 14... h5 15. Rh3 Bd7 16. Nd4 g6 17. b3 a6 18. Rc3 Rhc8 19. Kd2 Rxc3 20. Kxc3 Nc8 21. a4 Na7 {½-½ (44) Gallagher,J (2530)-Kelecevic,N (2475) Biel 1996}) 15. Rh3 fxe5 16. fxe5 {The position is equal.} Bd7 17. Nd4 Rhf8 18. Rg3 Rf4 19. O-O-O g6 20. h5 gxh5 21. Rg7+ Rf7 $132 {[%mdl 2048] Black has counterplay} 22. Rg5 h4 23. Bd3 Raf8 24. Rh1 Rf4 25. Nf3 h6 26. Rg6 Nc4 27. Bxc4 dxc4 28. Rxh6 Bc6 29. Rh7+ (29. R1xh4 {seems wilder.} Bd5 30. Rxf4 Rxf4 31. Rh4 Rf7 32. Rg4) 29... Kd8 30. R1xh4 Rxh4 31. Rxh4 Bxf3 32. gxf3 Rxf3 $11 {[%mdl 4096] Endgame KR-KR} 33. Rd4+ Ke7 (33... Kc8 $14) 34. Rxc4 $18 Kd7 35. Rd4+ Ke7 {[#]} (35... Kc7 $16) 36. Ra4 $1 a6 37. Rb4 (37. Rc4 $16) 37... b5 {[#]} 38. a4 $1 Rf1+ 39. Kd2 Rf2+ 40. Kd3 Rf3+ 41. Kd4 bxa4 42. Kc5 a3 43. Rb7+ Kd8 $2 {[%mdl 8192]} (43... Ke8 $16 {is a better chance.} 44. bxa3 Rxa3) 44. Kd6 {[%cal Rb7b8]} Kc8 45. Rc7+ Kb8 46. bxa3 Rxa3 47. Rc4 Ra1 48. Kxe6 Kb7 49. Kd7 Rd1+ 50. Ke7 {White is clearly winning.} a5 51. e6 Re1 52. Kd7 {Accuracy: White = 82%, Black = 43%.} 1-0

[Event "BL 2018-19"]
[Site "Berlin"]
[Date "2019.04.06"]
[Round "14.2"]
[White "Ragger, Markus"]
[Black "Aronian, Levon"]
[Result "1/2-1/2"]
[WhiteElo "2701"]
[BlackElo "2761"]
[Annotator "TA"]
[PlyCount "56"]
[EventDate "2018.11.10"]
[EventType "team-tourn"]
[EventCountry "GER"]
[SourceTitle "playchess.com"]
[Source "ChessBase"]
[SourceQuality "1"]
[WhiteTeam "Solingen"]
[BlackTeam "Baden-Baden"]

{[%evp 16,56,21,18,14,20,19,10,20,20,29,16,34,2,16,16,12,10,0,0,0,0,0,0,0,0,6,0,0,0,0,0,0,0,0,0,0,0,0,0,0,0,17]} 1. e4 e5 2. Nf3 Nc6 3. Bc4 Bc5 4. d3 Nf6 5. O-O O-O 6. c3 d6 7. Re1 a6 8. h3 Ba7 9. Bb3 Re8 {C54: Giuoco Piano: 4 c3 Nf6, main lines with 5 d4 and 5 d3} (9... Kh8 10. d4 Kg8 11. Bg5 h6 12. Bh4 Re8 13. dxe5 dxe5 14. Qxd8 Rxd8 15. Nbd2 g5 16. Bg3 Nh5 17. Nf1 {1-0 (60) Amin,B (2710)-Sargissian,G (2689) St Petersburg 2018}) 10. Nbd2 {[%cal Bb1d2,Bd2f1,Bf1g3][%mdl 32]} Be6 11. Nf1 Bxb3 12. Qxb3 Rb8 13. Ng3 Qd7 14. Nh4 Kh8 $146 {The position is equal.} ({Predecessor:} 14... Qe6 15. Qd1 d5 16. Qf3 dxe4 17. dxe4 Kh8 {1-0 (47) Lamoureux,C (2354)-Rodrigues,E (2148) France 2008}) 15. Nhf5 Qe6 16. Be3 Qxb3 17. axb3 g6 18. Bxa7 Nxa7 19. Ne3 Kg7 20. f3 Rbd8 21. Nc4 Nc6 22. Na5 Nxa5 23. Rxa5 c6 24. Kf2 d5 25. b4 Re6 26. Re2 Kf8 27. Ra1 Ke7 28. Nf1 Kd7 {Accuracy: White = 76%, Black = 61%.} 1/2-1/2

[Event "BL 2018-19"]
[Site "Berlin"]
[Date "2019.04.06"]
[Round "14.2"]
[White "Huschenbeth, Niclas"]
[Black "Bartel, Mateusz"]
[Result "0-1"]
[WhiteElo "2586"]
[BlackElo "2600"]
[Annotator "TA"]
[PlyCount "64"]
[EventDate "2018.11.10"]
[EventType "team-tourn"]
[EventCountry "GER"]
[SourceTitle "playchess.com"]
[Source "ChessBase"]
[SourceQuality "1"]
[WhiteTeam "Hamburg SK"]
[BlackTeam "Dresden"]

{[%evp 9,64,21,33,14,37,39,61,-6,5,12,8,0,0,-54,-37,-90,-83,-108,-83,-124,-117,-140,-154,-168,-170,-320,-289,-297,-205,-211,-214,-208,-231,-214,-222,-220,-212,-229,-232,-260,-282,-406,-375,-456,-470,-441,-464,-1808,-1808,-1788,-1776,-1718,-1714,-1564,-1570,-1538,-1491]} 1. e4 c6 2. d4 d5 3. e5 Bf5 4. Nf3 e6 5. Be2 Ne7 6. c3 {B12: Caro-Kann: Advance Variation} Ng6 7. O-O f6 8. c4 $146 (8. exf6 $14 Qxf6 9. Qb3) ({Predecessor:} 8. exf6 Qxf6 9. Qb3 b6 10. c4 Bd6 11. Bg5 Qf7 12. Nbd2 O-O 13. Rac1 h6 14. Be3 Nf4 15. Bxf4 Bxf4 16. cxd5 cxd5 17. Qc3 {½-½ (17) Giri,A (2798)-Motylev,A (2649) Baku 2015}) 8... fxe5 $11 9. dxe5 Bc5 10. b4 Bxb4 11. Qb3 (11. Nd4 $11) 11... Bc5 $15 12. Qxb7 ({White should try} 12. cxd5 $15 cxd5 13. Qxb7) 12... O-O $1 $17 13. Qxa8 {[#]} Qb6 $1 14. Nc3 Nd7 15. Na4 Qc7 (15... Rxa8 16. Nxb6 axb6 17. Be3 $14) 16. Qxf8+ Bxf8 17. Nd4 (17. cxd5 $142 exd5 18. Bd2) 17... Qxe5 $19 18. Be3 Nf4 19. Bf3 {[#]} Nh3+ $1 {[%mdl 512]} 20. Kh1 (20. gxh3 $2 Bd6 $19) 20... Bd6 {[%csl Gd6][%cal Re5h2]} 21. g3 Be4 (21... dxc4 22. Bg2 $11) 22. Bg2 Qh5 {aiming for ...e5.} ({Weaker is} 22... dxc4 23. Nc3 $15) 23. cxd5 exd5 $40 {[%mdl 128] Black attacks with force.} ({Not} 23... Bxd5 24. Nc3 $15) 24. f3 Bd3 25. Rfd1 (25. Nxc6 $142 Bb5 {[%mdl 64] Double Attack} 26. Rac1) 25... Ne5 {[%cal Bd7e5,Be5f3,Bf3h4][%mdl 32]} 26. Rac1 {[#]} ({Avoid the trap} 26. f4 $2 Ng4 $19) 26... Be2 $1 {[%mdl 512] Black is clearly winning.} 27. Nxe2 {Ng1 is the strong threat.} Nxf3 28. Bxh3 (28. Bf1 $142 Nf2+ {[%mdl 64] Double Attack} 29. Kg2 Nxd1 30. Rxd1) 28... Qxh3 {[%csl Gf3][%cal Rh3h2]} 29. Bg1 {[#]} Nh4 $1 {[%csl Gh4][%cal Rh3g2][%mdl 512]} 30. Nf4 (30. gxh4 Qf3#) 30... Bxf4 {[%csl Gh4][%cal Rh3g2]} 31. Rc2 Qf5 {( -> ...Qe4+)} 32. Re2 Qh5 {Accuracy: White = 42%, Black = 92%.} 0-1

[Event "BL 2018-19"]
[Site "Berlin"]
[Date "2019.04.06"]
[Round "14.2"]
[White "Arnaudov, G. Petar"]
[Black "Schroeder, Jan-Christian"]
[Result "1/2-1/2"]
[WhiteElo "2459"]
[BlackElo "2571"]
[Annotator "ChessBase"]
[PlyCount "132"]
[EventDate "2018.11.10"]
[EventType "team-tourn"]
[EventCountry "GER"]
[SourceTitle "playchess.com"]
[Source "ChessBase"]
[SourceQuality "1"]
[WhiteTeam "Augsburg"]
[BlackTeam "SV Hofheim"]
[TimeControl "40/6000+30:3000+30"]

1. c4 {[%emt 0:00:00]} e6 {[%emt 0:00:00]} 2. Nf3 {[%emt 0:00:00]} d5 {[%emt 0:00:00]} 3. g3 {[%emt 0:00:00]} Nf6 {[%emt 0:03:38]} 4. Bg2 {[%emt 0:00:00]} dxc4 {[%emt 0:03:15]} 5. O-O {[%emt 0:02:14]} Nbd7 {[%emt 0:04:57]} 6. Qc2 {[%emt 0:00:21]} Nb6 {[%emt 0:11:44]} 7. a4 {[%emt 0:00:57]} a5 {[%emt 0:02:16]} 8. Na3 {[%emt 0:01:21]} Bxa3 {[%emt 0:15:35]} 9. Rxa3 {[%emt 0:00:05]} O-O {[%emt 0:00:23]} 10. e4 {[%emt 0:00:22]} Bd7 {[%emt 0:16:26]} 11. Ne5 {[%emt 0:04:58]} Qe8 {[%emt 0:02:05]} 12. Nxd7 {[%emt 0:06:09]} Qxd7 {[%emt 0:04:48]} 13. d3 {[%emt 0:09:36]} cxd3 {[%emt 0:01:31]} 14. Rxd3 {[%emt 0:03:37]} Qxa4 {[%emt 0:01:24]} 15. Qxc7 {[%emt 0:00:12]} Qb5 {[%emt 0:01:57]} 16. Rfd1 {[%emt 0:02:07]} Rac8 {[%emt 0:12:46]} 17. Qxb7 {[%emt 0:02:17]} Rxc1 {[%emt 0:00:35]} 18. Rxc1 {[%emt 0:00:06]} Qxd3 {[%emt 0:00:03]} 19. Qxb6 {[%emt 0:00:15]} Qd2 {[%emt 0:00:13]} 20. Ra1 {[%emt 0:03:59]} Rc8 {[%emt 0:06:17]} 21. Qxa5 {[%emt 0:01:32]} Qxb2 {[%emt 0:01:32]} 22. Rd1 {[%emt 0:00:14]} g6 {[%emt 0:00:24]} 23. Bf3 {[%emt 0:05:17]} Qc3 {[%emt 0:10:25]} 24. Qxc3 {[%emt 0:01:15]} Rxc3 {[%emt 0:00:02]} 25. Kg2 {[%emt 0:00:15]} Rc5 {[%emt 0:00:25]} 26. h4 {[%emt 0:00:06]} h6 {[%emt 0:00:04]} 27. Rd4 {[%emt 0:00:50]} Re5 {[%emt 0:01:30]} 28. Kf1 {[%emt 0:00:33]} g5 {[%emt 0:00:17]} 29. hxg5 {[%emt 0:00:07]} hxg5 {[%emt 0:00:03]} 30. Bg2 {[%emt 0:00:02]} Ra5 {[%emt 0:02:37]} 31. Bf3 {[%emt 0:02:40]} Kg7 {[%emt 0:01:35]} 32. Be2 {[%emt 0:00:40]} Kh6 {[%emt 0:02:59]} 33. Rb4 {[%emt 0:01:44]} Re5 {[%emt 0:02:16]} 34. Bd3 {[%emt 0:00:38]} Ra5 {[%emt 0:01:44]} 35. Be2 {[%emt 0:00:41]} Kg6 {[%emt 0:00:10]} 36. f4 {[%emt 0:00:56]} e5 {[%emt 0:01:20]} 37. fxe5 {[%emt 0:00:27]} Rxe5 {[%emt 0:00:17]} 38. Bd3 {[%emt 0:01:54]} Nd7 {[%emt 0:00:24]} 39. Bc4 {[%emt 0:01:41]} Rc5 {[%emt 0:00:56]} 40. Be2 {[%emt 0:01:54]} Ne5 {[%emt 0:00:25]} 41. Kf2 {[%emt 0:51:00]} Rc3 {[%emt 0:50:41]} 42. Rb6+ {[%emt 0:01:24]} Kg7 {[%emt 0:00:00]} 43. Ra6 {[%emt 0:00:00]} Nd7 {[%emt 0:00:00]} 44. Rd6 {[%emt 0:00:00]} Nc5 {[%emt 0:00:00]} 45. Rd4 {[%emt 0:00:00]} Ra3 {[%emt 0:00:00]} 46. Rc4 {[%emt 0:00:00]} Nd7 {[%emt 0:00:00]} 47. Rd4 {[%emt 0:00:00]} Nc5 {[%emt 0:00:00]} 48. Rc4 {[%emt 0:00:00]} Ra5 {[%emt 0:00:00]} 49. Rd4 {[%emt 0:00:00]} Kf6 {[%emt 0:00:00]} 50. Ke3 {[%emt 0:00:00]} Ra3+ {[%emt 0:00:00]} 51. Kf2 {[%emt 0:00:00]} Rc3 {[%emt 0:00:00]} 52. Rd6+ {[%emt 0:00:00]} Ke7 {[%emt 0:00:00]} 53. Rd4 {[%emt 0:00:00]} f6 {[%emt 0:00:00]} 54. Bg4 {[%emt 0:00:00]} Ra3 {[%emt 0:00:00]} 55. Bf5 {[%emt 0:00:00]} Nd3+ {[%emt 0:00:00]} 56. Kg2 {[%emt 0:00:00]} Ra2+ {[%emt 0:00:00]} 57. Kf1 {[%emt 0:00:00]} Ne5 {[%emt 0:00:00]} 58. Rd1 {[%emt 0:00:00]} g4 {[%emt 0:00:00]} 59. Rd4 {[%emt 0:00:00]} Rb2 {[%emt 0:00:00]} 60. Rd1 {[%emt 0:00:00]} Nc4 {[%emt 0:00:00]} 61. Rd7+ {[%emt 0:00:00]} Ke8 {[%emt 0:00:00]} 62. Rd3 {[%emt 0:00:00]} Nd2+ {[%emt 0:00:00]} 63. Ke1 {[%emt 0:00:00]} Nf3+ {[%emt 0:00:00]} 64. Kf1 {[%emt 0:00:00]} Nd2+ {[%emt 0:00:00]} 65. Ke1 {[%emt 0:00:00]} Nf3+ {[%emt 0:00:00]} 66. Kf1 {[%emt 0:00:00]} Nd2+ {[%emt 0:00:00]} 1/2-1/2

[Event "BL 2018-19"]
[Site "Berlin"]
[Date "2019.04.06"]
[Round "14.3"]
[White "Svidler, Peter"]
[Black "Van Wely, Loek"]
[Result "1-0"]
[WhiteElo "2736"]
[BlackElo "2622"]
[Annotator "TA"]
[PlyCount "101"]
[EventDate "2018.11.10"]
[EventType "team-tourn"]
[EventCountry "GER"]
[SourceTitle "playchess.com"]
[Source "ChessBase"]
[SourceQuality "1"]
[WhiteTeam "Baden-Baden"]
[BlackTeam "Solingen"]

{[%evp 9,101,11,18,25,27,13,20,14,17,18,20,15,20,14,14,12,32,33,42,38,31,34,51,37,40,39,42,47,45,16,31,26,13,24,20,19,13,23,38,53,49,5,58,47,52,6,25,0,42,41,58,8,24,-30,139,124,163,157,155,146,152,109,381,367,614,586,574,285,283,292,291,278,282,270,278,267,292,310,372,377,333,358,358,372,574,566,567,590,29970,29971,29962,29950,2272,2142]} 1. e4 c5 2. Nf3 d6 3. Bb5+ Nd7 4. O-O a6 5. Bd3 (5. Bxd7+ Bxd7 6. d4 cxd4 7. Qxd4 e5 8. Qd3 h6 9. a4 Nf6 10. a5 Be7 11. c4 b5 12. axb6 Qxb6 13. Nc3 O-O 14. Be3 Qb7 15. h3 Rfc8 16. Nd2 Be6 17. Rfb1 a5 18. b3 Ra6 19. Ra2 Bd7 20. Rba1 {½-½ (20) Wang,H (2730)-Nepomniachtchi,I (2763) St Petersburg 2018}) 5... Ngf6 6. c3 {B51: Sicilian: Moscow Variation (3 Bb5+) without 3...Bd7} e6 7. Bc2 b5 8. d4 {The position is equal.} Bb7 9. Re1 Be7 10. Nbd2 {[%cal Bb1d2,Bd2f1,Bf1g3][%mdl 32]} cxd4 11. cxd4 O-O $146 ({Predecessor:} 11... Qc7 12. Nf1 O-O {1-0 (29) Bergstrom,R (2298)-Fieandt,J (2152) Stockholm 2016}) 12. Nf1 Rc8 13. Ng3 Qc7 14. Bd3 Rfe8 15. Bd2 Bf8 16. h3 Qb8 17. Ba5 g6 18. Qd2 Bg7 19. a4 bxa4 20. Rxa4 Bc6 21. Ra3 Bb5 $1 22. Bxb5 axb5 23. Bb4 Bf8 24. Rea1 Rc4 25. b3 Rc6 ({Better is} 25... Rxb4 $11 26. Ra8 (26. Qxb4 d5 $11) 26... Qxa8 27. Rxa8 Rxd4 28. Nxd4 (28. Qxd4 Rxa8 29. Qb2 h5 $11) 28... Rxa8) 26. Ra7 Rec8 27. R7a2 Qc7 28. Ra7 Qb8 29. R7a5 Rc2 30. Qd3 d5 31. e5 (31. Bd2 $142 $1) 31... Ne4 $2 ({Black should play} 31... Bxb4 $11 32. Rxb5 Rc1+ 33. Rxc1 Rxc1+ 34. Kh2 Qf8) 32. Rxb5 $16 Rc1+ {[#]} 33. Rxc1 $1 Rxc1+ {[#]} 34. Kh2 $1 Qa8 {next ...Qa6 is good for Black.} 35. Bxf8 Kxf8 $2 {[%mdl 8192]} (35... Nxg3 $16 {is a better defense.} 36. fxg3 (36. Kxg3 Qxf8 37. b4 Rc7 $16) 36... Qxf8) 36. Qe3 $18 Rd1 $2 (36... Rc8 37. Qh6+ {[%mdl 64] Double Attack} Kg8 38. Nxe4 dxe4) 37. Nxe4 dxe4 38. Ng5 (38. Qh6+ $142 Ke8 39. Ng5) 38... Kg7 39. Qf4 ({Don't do} 39. Nxe4 $6 Qa1 $18) 39... Qe8 40. Qxe4 h6 41. Nf3 Qc8 42. Rb7 Ra1 43. b4 Qa8 {intending ...Ra7.} 44. Nd2 Ra7 45. Rb5 Qc8 46. d5 Qc3 (46... Rb7 {might work better.}) 47. dxe6 Nf8 48. Qf4 {Qf6+ is the strong threat.} Nxe6 49. Qf6+ $1 Kh7 50. Rb8 {[%csl Gb8][%cal Rf6h8]} Ng7 51. Ne4 {Accuracy: White = 64%, Black = 61%.} ({Not} 51. Qd8 Qxe5+ 52. g3 g5 $18) 1-0

[Event "BL 2018-19"]
[Site "Berlin"]
[Date "2019.04.06"]
[Round "14.3"]
[White "Neef, Maximilian"]
[Black "Hansen, Sune Berg"]
[Result "1/2-1/2"]
[WhiteElo "2479"]
[BlackElo "2583"]
[Annotator "ChessBase"]
[PlyCount "142"]
[EventDate "2018.11.10"]
[EventType "team-tourn"]
[EventCountry "GER"]
[SourceTitle "playchess.com"]
[Source "ChessBase"]
[SourceQuality "1"]
[WhiteTeam "Dresden"]
[BlackTeam "Hamburg SK"]
[TimeControl "40/6000+30:3000+30"]

1. d4 {[%emt 0:00:00]} Nf6 {[%emt 0:00:16]} 2. Bf4 {[%emt 0:00:00]} d5 {[%emt 0:01:58]} 3. e3 {[%emt 0:00:09]} e6 {[%emt 0:00:36]} 4. Nd2 {[%emt 0:00:15]} Bd6 {[%emt 0:01:21]} 5. Bg3 {[%emt 0:00:13]} c5 {[%emt 0:01:19]} 6. c3 {[%emt 0:00:27]} Qc7 {[%emt 0:00:52]} 7. dxc5 {[%emt 0:01:34]} Bxg3 {[%emt 0:01:28]} 8. hxg3 {[%emt 0:00:09]} Qxc5 {[%emt 0:00:11]} 9. Ngf3 {[%emt 0:01:51]} Nbd7 {[%emt 0:06:13]} 10. Bd3 {[%emt 0:14:31]} Qb6 {[%emt 0:12:15]} 11. b4 {[%emt 0:04:38]} h6 {[%emt 0:06:45]} 12. O-O {[%emt 0:02:59]} O-O {[%emt 0:01:10]} 13. Qe2 {[%emt 0:08:59]} Re8 {[%emt 0:05:58]} 14. e4 {[%emt 0:11:51]} dxe4 {[%emt 0:01:38]} 15. Nxe4 {[%emt 0:00:15]} Nxe4 {[%emt 0:03:03]} 16. Bxe4 {[%emt 0:04:08]} Nf6 {[%emt 0:02:37]} 17. Ne5 {[%emt 0:04:59]} Bd7 {[%emt 0:10:55]} 18. a4 {[%emt 0:18:35]} Rad8 {[%emt 0:13:16]} 19. a5 {[%emt 0:11:54]} Qc7 {[%emt 0:02:52]} 20. c4 {[%emt 0:00:34]} Bc8 {[%emt 0:02:46]} 21. Bf3 {[%emt 0:03:08]} Nd7 {[%emt 0:02:58]} 22. Nxd7 {[%emt 0:02:41]} Bxd7 {[%emt 0:10:43]} 23. c5 {[%emt 0:05:21]} a6 {[%emt 0:04:46]} 24. Rfd1 {[%emt 0:01:03]} Bb5 {[%emt 0:04:15]} 25. Qe1 {[%emt 0:01:51]} Bc6 {[%emt 0:01:13]} 26. Ra2 {[%emt 0:05:48]} Bxf3 {[%emt 0:04:07]} 27. gxf3 {[%emt 0:00:03]} Qc6 {[%emt 0:00:56]} 28. Kg2 {[%emt 0:01:47]} Rd5 {[%emt 0:01:18]} 29. Rad2 {[%emt 0:02:55]} Kf8 {[%emt 0:01:40]} 30. Rxd5 {[%emt 0:00:58]} exd5 {[%emt 0:00:04]} 31. Qd2 {[%emt 0:00:07]} Re5 {[%emt 0:00:17]} 32. Qd4 {[%emt 0:00:59]} f6 {[%emt 0:00:13]} 33. Qg4 {[%emt 0:01:03]} Kf7 {[%emt 0:00:27]} 34. f4 {[%emt 0:00:38]} d4+ {[%emt 0:03:09]} 35. Kh2 Rd5 {[%emt 0:01:06]} 36. Rd3 {[%emt 0:00:58]} h5 {[%emt 0:00:47]} 37. Qd1 {[%emt 0:00:19]} Qd7 {[%emt 0:00:13]} 38. Kg1 {[%emt 0:00:36]} Kf8 {[%emt 0:00:20]} 39. Qe2 {[%emt 0:00:27]} Qe7 {[%emt 0:01:02]} 40. Qf3 {[%emt 0:00:43]} Qe6 {[%emt 0:00:41]} 41. Qd1 {[%emt 0:09:27]} Qe4 {[%emt 0:05:10]} 42. Qd2 {[%emt 0:11:50]} Rd7 {[%emt 0:03:16]} 43. Kh2 {[%emt 0:03:46]} g6 {[%emt 0:04:22]} 44. Kg1 {[%emt 0:03:28]} Kg7 {[%emt 0:02:30]} 45. Kh2 {[%emt 0:01:56]} Qd5 {[%emt 0:03:08]} 46. Qe2 {[%emt 0:01:22]} Kf7 {[%emt 0:00:30]} 47. Qd2 {[%emt 0:00:56]} Ke8 {[%emt 0:01:18]} 48. Qb2 {[%emt 0:02:27]} Kf7 {[%emt 0:02:32]} 49. Qd2 {[%emt 0:00:27]} Rd8 {[%emt 0:00:16]} 50. Kg1 {[%emt 0:00:55]} Qe4 {[%emt 0:01:53]} 51. Kh2 {[%emt 0:00:39]} Kf8 {[%emt 0:01:47]} 52. Re3 {[%emt 0:02:46]} Qd5 {[%emt 0:01:01]} 53. Rd3 {[%emt 0:00:15]} Kf7 {[%emt 0:01:26]} 54. Kg1 {[%emt 0:00:51]} Qe4 {[%emt 0:00:16]} 55. Kh2 {[%emt 0:01:28]} Kg7 {[%emt 0:01:17]} 56. Kg1 {[%emt 0:00:22]} Kh6 {[%emt 0:02:14]} 57. Kh2 {[%emt 0:01:15]} Kh7 {[%emt 0:00:10]} 58. Kg1 {[%emt 0:00:11]} Kg7 {[%emt 0:00:06]} 59. Kh2 {[%emt 0:00:32]} h4 {[%emt 0:02:24]} 60. gxh4 {[%emt 0:04:21]} Rh8 {[%emt 0:07:37]} 61. f3 {[%emt 0:02:53]} Qf5 {[%emt 0:01:29]} 62. Rxd4 {[%emt 0:01:04]} Rxh4+ {[%emt 0:00:40]} 63. Kg1 {[%emt 0:00:14]} Kh6 {[%emt 0:02:01]} 64. Re4 {[%emt 0:04:45]} Kh5 {[%emt 0:04:28]} 65. Qd8 {[%emt 0:03:41]} Rxf4 {[%emt 0:02:59]} 66. Rxf4 {[%emt 0:00:58]} Qxf4 {[%emt 0:00:07]} 67. Qd5+ {[%emt 0:00:19]} f5 {[%emt 0:01:17]} 68. Qxb7 {[%emt 0:00:22]} Qg5+ {[%emt 0:00:21]} 69. Kh2 {[%emt 0:00:59]} Qh4+ {[%emt 0:00:13]} 70. Kg2 {[%emt 0:00:10]} Qg5+ {[%emt 0:00:07]} 71. Kh2 {[%emt 0:00:39]} Qh4+ {[%emt 0:00:11]} 1/2-1/2

[Event "BL 2018-19"]
[Site "Berlin"]
[Date "2019.04.06"]
[Round "14.3"]
[White "Perske, Thore"]
[Black "Pitl, Gregory"]
[Result "1-0"]
[WhiteElo "2448"]
[BlackElo "2387"]
[Annotator "TA"]
[PlyCount "113"]
[EventDate "2018.11.10"]
[EventType "team-tourn"]
[EventCountry "GER"]
[SourceTitle "playchess.com"]
[Source "ChessBase"]
[SourceQuality "1"]
[WhiteTeam "SV Hofheim"]
[BlackTeam "Augsburg"]

{[%evp 18,113,13,18,25,10,16,0,31,31,38,33,39,8,38,20,20,20,37,17,17,17,18,18,46,24,105,100,96,45,102,53,131,127,127,0,74,75,112,54,368,350,368,368,365,295,349,356,309,103,114,110,107,83,83,83,80,89,100,90,108,110,165,56,75,21,67,66,114,111,111,111,111,109,108,105,79,25,145,135,141,68,236,236,444,438,1459,1459,1370,1327,1111,1027,907,887,29980,29981,29984,29983]} 1. e4 c5 2. Nf3 e6 3. c3 Nf6 4. e5 Nd5 5. Bc4 Nb6 6. Bb3 Nc6 7. d4 cxd4 8. cxd4 d6 9. exd6 Bxd6 10. O-O Nd5 {B22: Sicilian: 2 c3} 11. Bg5 (11. Nc3 {looks sharper.} O-O 12. Bc2 Bd7 13. Qd3 g6 14. a3) 11... Be7 12. Bxd5 Bxg5 $146 {The position is equal.} (12... Qxd5 {feels hotter.} 13. Nc3 Qd8 14. Bf4 O-O 15. Re1 Nb4) ({Predecessor:} 12... Qxd5 13. Nc3 Qf5 14. Bxe7 Nxe7 15. Qa4+ Bd7 16. Qa3 Nd5 17. Ne5 Nxc3 18. bxc3 {1-0 (30) Ponomariov,R (2704)-Van Wely,L (2648) Khanty-Mansiysk 2005}) 13. Bxc6+ bxc6 14. Nxg5 Qxg5 15. Qd2 Qe7 16. Qe3 O-O 17. Nd2 Rd8 18. Nf3 Rb8 19. b3 Rb5 20. Rfc1 Qf6 21. Rc3 Rf5 (21... Bd7 $11) 22. Rac1 $16 Bb7 23. Rc5 ({White should play} 23. Ne5 $16) 23... h6 (23... Rxc5 $14 24. Rxc5 Rd5) 24. h3 Rdd5 (24... Rxc5 $14 25. Rxc5 Rd5) 25. Ne5 Rd8 26. Nf3 ({White should try} 26. R1c4) 26... Rdd5 $1 27. b4 {[%cal Bb3b4,Bb4c5][%mdl 32]} Rd8 28. R1c3 ({Better is} 28. Ne5 $16) 28... Ba6 $2 {[%mdl 8192]} (28... Rfd5 $14) 29. Ra3 $1 $18 Rxc5 30. bxc5 Bc4 31. Rxa7 Bd5 32. Ne5 Rf8 33. Nd7 $2 (33. a4 $18 {and White stays clearly on top.}) 33... Qe7 $16 {aiming for ...Rd8.} 34. Qa3 $1 Rd8 35. Ne5 Qg5 {[%csl Gd5][%cal Rg5g2]} 36. Qg3 Qxg3 37. fxg3 {[%mdl 4096] Endgame KRB-KRN} f6 38. Ng6 $1 Be4 39. Nf4 Rxd4 {[#]} (39... Bd5 $16) 40. Nxe6 (40. Rxg7+ $1 $18 {[%mdl 512]} Kh8 (40... Kxg7 41. Nxe6+) 41. Ra7 (41. Nxe6 Rd2 $16)) 40... Rd2 41. Rxg7+ Kh8 42. Rg4 f5 43. Rg6 Kh7 44. Nf4 Rxa2 45. Re6 Rc2 46. Re5 $1 Kg7 47. g4 (47. h4 $1 $16) 47... Rc1+ (47... Rc4 $1 $11 {remains equal.}) 48. Kf2 Rc2+ 49. Kg3 (49. Ke3 $16) 49... Rc3+ $2 (49... Rc4 $1 $14) 50. Kh4 $1 $18 Rc4 $2 (50... Kf6 51. Re6+ Kg7 52. gxf5 Bxf5) 51. g5 $1 Bxg2 {[#]} (51... Bd5 $142) 52. gxh6+ $1 Kxh6 53. Re6+ Kg7 {[#]} 54. Kg5 $1 {[%csl LRf5,LRg2]} Bd5 55. Re7+ Kg8 56. Ng6 Re4 57. Kf6 {Accuracy: White = 58%, Black = 40%.} 1-0

[Event "BL 2018-19"]
[Site "Berlin"]
[Date "2019.04.06"]
[Round "14.4"]
[White "Ganguly, Surya Shekhar"]
[Black "Wojtaszek, Radoslaw"]
[Result "1/2-1/2"]
[WhiteElo "2615"]
[BlackElo "2749"]
[Annotator "TA"]
[PlyCount "61"]
[EventDate "2018.11.10"]
[EventType "team-tourn"]
[EventCountry "GER"]
[SourceTitle "playchess.com"]
[Source "ChessBase"]
[SourceQuality "1"]
[WhiteTeam "Solingen"]
[BlackTeam "Baden-Baden"]

{[%evp 11,61,0,0,0,0,0,11,0,0,0,0,-32,-32,-38,-29,-29,-36,-37,-31,-37,-16,-16,-8,-36,-36,-34,0,-94,-50,-67,-25,-29,0,-43,-41,-36,-41,-33,-40,-58,-52,-44,-46,-34,-46,-46,-32,-38,-37,-45,-53,-56]} 1. c4 Nf6 2. Nc3 e5 3. Nf3 Nc6 4. e3 Bb4 5. Qc2 Bxc3 6. bxc3 O-O 7. d3 {A28: English Opening: Four Knights Variation} (7. e4 d6 8. g3 Kh8 9. d3 Ng8 10. Nh4 Nge7 11. Bg2 f5 12. exf5 Nxf5 13. Nf3 Nfe7 14. O-O h6 {1-0 (71) So,W (2765)-Harikrishna,P (2729) Kolkata 2018}) 7... d6 8. Be2 h6 9. O-O {The position is equal.} b6 10. e4 Nh7 $146 ({Predecessor:} 10... Re8 11. Rb1 Bd7 12. Re1 Ne7 13. Nd2 Ng6 14. Nf1 {½-½ (75) Sodomski,A (2278)-Khan,S (2061) ICCF email 2015}) 11. Ne1 f5 12. exf5 Bxf5 13. f4 Qd7 14. Nf3 Rae8 15. fxe5 dxe5 16. Ba3 Rf7 17. Rad1 Nf6 18. Qc1 Qe6 19. Nh4 (19. Rde1 $1 $11) 19... Bh7 20. Qe3 g5 21. Nf3 e4 22. Nd4 (22. Nxg5 {seems wilder.} hxg5 23. d4 Na5 24. Qxg5+ Kh8 25. Qh4) 22... Nxd4 {Black is slightly better.} 23. cxd4 exd3 24. Qxe6 Rxe6 25. Bxd3 Bxd3 26. Rxd3 Ng4 27. Rdf3 Rxf3 28. gxf3 Ne3 {[%mdl 64] [#] Double Attack} 29. Re1 {Black must now prevent Kf2.} Kf7 30. d5 Re8 31. Rc1 {Accuracy: White = 77%, Black = 63%.} 1/2-1/2